00724nam a2200169 a 450000100100000000500170001000800410002704000250006808200150009324500840010826000640019230000350025691000150029195201130030695201180041999900170053700001703820200929165017.0100316s1955 dr ac 000 0 spa d aDO-SdBNPbspacBNPHU axxxbC957d03aLa Cruz Roja Dominicana en la Feria de la Paz y Confraternidad del Mundo Libre. aCiudad Trujillo, República Dominicana :bMontalvo,c1955. a224 p. :bil., retr. ;c25 cm. aEn proceso 0010718PDaPDbPDcCTd2010-03-16iLF1l0oxxx C957dp17038-10r2020-06-25w2020-06-25yLFPDZNo se presta 0010718PDaPDbPDcCTd2010-03-16iLF1l0oxxx C957dp17038-20r2020-06-25te.2w2020-06-25yLFPDZNo se presta c16564d16564